<?xml version="1.0" encoding="UTF-8"?>
<record
    xmlns:xsi="http://www.w3.org/2001/XMLSchema-instance"
    xsi:schemaLocation="http://www.loc.gov/MARC21/slim http://www.loc.gov/standards/marcxml/schema/MARC21slim.xsd"
    xmlns="http://www.loc.gov/MARC21/slim">

  <leader>00451nam a2200169Ia 4500</leader>
  <controlfield tag="003">3228</controlfield>
  <controlfield tag="005">20240731093546.0</controlfield>
  <controlfield tag="008">220701s9999    xx            000 0 und d</controlfield>
  <datafield tag="020" ind1=" " ind2=" ">
    <subfield code="a">9781868918461</subfield>
  </datafield>
  <datafield tag="040" ind1=" " ind2=" ">
    <subfield code="c">RDA</subfield>
  </datafield>
  <datafield tag="082" ind1=" " ind2=" ">
    <subfield code="a">346.6807 COMM</subfield>
  </datafield>
  <datafield tag="100" ind1=" " ind2=" ">
    <subfield code="a">Govindjee Avinash </subfield>
    <subfield code="9">129297</subfield>
  </datafield>
  <datafield tag="245" ind1=" " ind2="0">
    <subfield code="a">Commercial law 2: fresh perspectives </subfield>
  </datafield>
  <datafield tag="260" ind1=" " ind2=" ">
    <subfield code="a">Pinelands</subfield>
    <subfield code="b">Maskew Miller Longman</subfield>
    <subfield code="c">2007</subfield>
  </datafield>
  <datafield tag="300" ind1=" " ind2=" ">
    <subfield code="a">349 pages</subfield>
    <subfield code="b">Ill.</subfield>
    <subfield code="c">28 cm</subfield>
  </datafield>
  <datafield tag="942" ind1=" " ind2=" ">
    <subfield code="c">BK</subfield>
    <subfield code="2">ddc</subfield>
    <subfield code="y">10421</subfield>
    <subfield code="z">hlophe mtsweni</subfield>
  </datafield>
  <datafield tag="999" ind1=" " ind2=" ">
    <subfield code="c">108636</subfield>
    <subfield code="d">108636</subfield>
  </datafield>
  <datafield tag="952" ind1=" " ind2=" ">
    <subfield code="0">0</subfield>
    <subfield code="1">0</subfield>
    <subfield code="4">0</subfield>
    <subfield code="7">0</subfield>
    <subfield code="a">THUSL</subfield>
    <subfield code="b">THUSL</subfield>
    <subfield code="d">2021-08-17</subfield>
    <subfield code="g">220.00</subfield>
    <subfield code="l">0</subfield>
    <subfield code="p">3322830161621</subfield>
    <subfield code="r">2021-08-17</subfield>
    <subfield code="w">2021-08-17</subfield>
    <subfield code="y">BK</subfield>
  </datafield>
  <datafield tag="952" ind1=" " ind2=" ">
    <subfield code="0">0</subfield>
    <subfield code="1">0</subfield>
    <subfield code="4">0</subfield>
    <subfield code="7">0</subfield>
    <subfield code="a">CHROL</subfield>
    <subfield code="b">CHROL</subfield>
    <subfield code="d">2022-07-04</subfield>
    <subfield code="g">329.00</subfield>
    <subfield code="l">0</subfield>
    <subfield code="p">3322802291082</subfield>
    <subfield code="r">2022-07-04</subfield>
    <subfield code="w">2022-07-04</subfield>
    <subfield code="y">BK</subfield>
    <subfield code="z">164882</subfield>
  </datafield>
  <datafield tag="952" ind1=" " ind2=" ">
    <subfield code="0">0</subfield>
    <subfield code="1">0</subfield>
    <subfield code="2">ddc</subfield>
    <subfield code="4">0</subfield>
    <subfield code="7">0</subfield>
    <subfield code="8">300</subfield>
    <subfield code="a">MKHWL</subfield>
    <subfield code="b">MKHWL</subfield>
    <subfield code="c">Non_Fiction</subfield>
    <subfield code="d">2024-07-26</subfield>
    <subfield code="l">0</subfield>
    <subfield code="o">346.6807 COMM</subfield>
    <subfield code="p">33228031140820</subfield>
    <subfield code="r">2024-07-26</subfield>
    <subfield code="w">2024-07-26</subfield>
    <subfield code="y">BK</subfield>
  </datafield>
  <datafield tag="952" ind1=" " ind2=" ">
    <subfield code="0">0</subfield>
    <subfield code="1">0</subfield>
    <subfield code="2">ddc</subfield>
    <subfield code="4">0</subfield>
    <subfield code="7">0</subfield>
    <subfield code="8">300</subfield>
    <subfield code="a">MKHWL</subfield>
    <subfield code="b">MKHWL</subfield>
    <subfield code="c">Non_Fiction</subfield>
    <subfield code="d">2024-07-26</subfield>
    <subfield code="l">0</subfield>
    <subfield code="o">346.6807 COMM</subfield>
    <subfield code="p">33228031140821</subfield>
    <subfield code="r">2024-07-26</subfield>
    <subfield code="w">2024-07-26</subfield>
    <subfield code="y">BK</subfield>
  </datafield>
  <datafield tag="952" ind1=" " ind2=" ">
    <subfield code="0">0</subfield>
    <subfield code="1">0</subfield>
    <subfield code="2">ddc</subfield>
    <subfield code="4">0</subfield>
    <subfield code="7">0</subfield>
    <subfield code="8">300</subfield>
    <subfield code="a">THANPL</subfield>
    <subfield code="b">THANPL</subfield>
    <subfield code="c">Non_Fiction</subfield>
    <subfield code="d">2024-07-26</subfield>
    <subfield code="g">220.00</subfield>
    <subfield code="l">0</subfield>
    <subfield code="o">346.6807 COMM</subfield>
    <subfield code="p">3228200016500</subfield>
    <subfield code="r">2025-02-20</subfield>
    <subfield code="w">2024-07-26</subfield>
    <subfield code="y">BK</subfield>
  </datafield>
  <datafield tag="952" ind1=" " ind2=" ">
    <subfield code="0">0</subfield>
    <subfield code="1">0</subfield>
    <subfield code="2">ddc</subfield>
    <subfield code="4">0</subfield>
    <subfield code="7">0</subfield>
    <subfield code="8">300</subfield>
    <subfield code="a">EMBAL</subfield>
    <subfield code="b">EMBAL</subfield>
    <subfield code="c">Non_Fiction</subfield>
    <subfield code="d">2025-08-29</subfield>
    <subfield code="l">0</subfield>
    <subfield code="o">346.6807 COMM</subfield>
    <subfield code="p">3228200044361</subfield>
    <subfield code="r">2025-08-29</subfield>
    <subfield code="w">2025-08-29</subfield>
    <subfield code="y">BOOK</subfield>
  </datafield>
</record>
